| 000 | 00783nam a2200205 a 4500 | ||
|---|---|---|---|
| 001 | 80892 | ||
| 003 | BD-RjUL | ||
| 005 | 20221205150504.0 | ||
| 008 | 221205s2022 bg ||||| |||| 00| 0 ben d | ||
| 020 | _a9789843481016 | ||
| 035 | _a(BD-RjUL)80892 | ||
| 040 |
_aBD-RjUL _beng _cBD-RjUL |
||
| 041 | _aben | ||
| 082 |
_223 _a954.9205092 _bBAA 2022 |
||
| 245 |
_aবঙ্গবন্ধুর আর্থ-সামাজিক ভাবনা / _cমুনশী শাহাবুদ্দীন আহমেদ (সম্পাদক) |
||
| 600 |
_aমুজিবুর রহমান , শেখ _d১৯২০-১৯৭৫ |
||
| 600 |
_aMujibur Rahman, Sheikh _d1920-1975 |
||
| 700 | _aআহমেদ, মুনশী শাহাবুদ্দীন | ||
| 942 |
_2ddc _cBK |
||
| 999 |
_c80892 _d80892 |
||